Normal view
MARC view
Entry Personal Name
001 - CONTROL NUMBER
- control field: 7938
003 - CONTROL NUMBER IDENTIFIER
- control field: OSt
005 - DATE AND TIME OF LATEST TRANSACTION
- control field: 20190808093045.0
008 - FIXED-LENGTH DATA ELEMENTS
- fixed length control field: 190808|| aca||aabn | a|a d
040 ## - CATALOGING SOURCE
- Original cataloging agency: OSt
- Transcribing agency: OSt
100 ## - HEADING--PERSONAL NAME
- Personal name: Jamal, Aamir
670 ## - SOURCE DATA FOUND
- Source citation: Work cat.: (OSt): Jamal, Aamir, Examining the relationship between economic growth, FDI and trade: VAR and causality analysis, 2019
